[Event "Gausdal Int"]
[Site "Gausdal"]
[Date "1992.??.??"]
[Round "9"]
[White "Dannevig, Oystein"]
[Black "Sakaev, Konstantin"]
[Result "0-1"]
[WhiteElo "2290"]
[BlackElo "2540"]

1.d4 Nf6 2.c4 e6 3.Nc3 Bb4 4.Bg5 h6 5.Bh4 c5 6.d5 b5 7.Rc1 Bb7 8.Nf3 bxc4
9.e4 g5 10.Bg3 exd5 11.exd5 Bxd5 12.a3 Bxc3+ 13.Rxc3 O-O 14.h4 Re8+ 15.Be2 g4
16.Ne5 Nc6 17.Nxg4 Nxg4 18.Kf1 Nf6 19.Bf3 Nd4 20.Bxd5 Nxd5 21.Rxc4 Qf6  0-1

[Event "Groningen op"]
[Site "Groningen"]
[Date "1992.??.??"]
[Round "2"]
[White "Bernal Moro, Luis Javier"]
[Black "Sakaev, Konstantin"]
[Result "0-1"]
[WhiteElo "2400"]
[BlackElo "2540"]

1.d4 Nf6 2.c4 e6 3.Nc3 Bb4 4.e3 O-O 5.Nf3 d5 6.Be2 b6 7.O-O Bb7 8.a3 Bd6
9.b4 dxc4 10.Bxc4 Nbd7 11.Bb2 a6 12.d5 e5 13.Qc2 Qe7 14.e4 b5 15.Bb3 Rac8
16.Rfe1 c5 17.dxc6 Bxc6 18.Qe2 Bb7 19.Rad1 Nb6 20.Nd5 Nfxd5 21.exd5 f6 22.Nd4 Nc4
23.Nf5 Qd7 24.Qg4 Kh8 25.Bc1 g6 26.Ne3 Qxg4 27.Nxg4 h5 28.Ne3 Kg7 29.Re2 a5
30.bxa5 Nxa5 31.Ba2 Nc4 32.Bxc4 bxc4 33.Rc2 Ba6 34.Bd2 Rfd8 35.Rdc1 Bf8 36.Bb4 Kf7
37.Nxc4 Bxb4 38.axb4 Rxd5 39.Ne3 Rxc2 40.Rxc2 Rd7 41.Rc5 Bb7 42.f3 g5 43.Kf1 Ke6
44.Ke1 Rd3 45.Kf2 Rd2+ 46.Ke1 Rb2 47.Rb5 Bc6 48.Rb8 Kd7 49.h3 e4 50.fxe4 Bxe4
51.g3 Rh2 52.h4 gxh4 53.gxh4 Rxh4 54.Kf2 Rf4+ 55.Ke2 Rh4 56.Nd1 Bd5 57.b5 Rb4
58.Ne3 Be4 59.Kf2 Rb3 60.Rf8 Ke7 61.Rb8 f5 62.Rh8 f4 63.Nc4 Rxb5 64.Nd2 Bb7
65.Nc4 Be4 66.Rh6 Rd5 67.Rh8 Rg5 68.Nd2 Bc6 69.Nf3 Rc5 70.Nd4 Be4 71.Ne2 Rf5
72.Nd4 Rg5 73.Nf3 Rd5 74.Rb8 Rd3 75.Ng5 Bd5 76.Rb4 Kf6 77.Ne4+ Ke5 78.Nc5 Rf3+
79.Ke2 Re3+ 80.Kd2 h4  0-1

[Event "Helsinki op"]
[Site "Helsinki"]
[Date "1992.??.??"]
[Round "1"]
[White "Gurieli, Nino"]
[Black "Sakaev, Konstantin"]
[Result "0-1"]
[WhiteElo "2375"]
[BlackElo "2540"]

1.e4 c5 2.Nf3 Nc6 3.c3 e6 4.d4 d5 5.exd5 exd5 6.Bb5 Bd6 7.dxc5 Bxc5 8.O-O Ne7
9.Bg5 O-O 10.Nbd2 f6 11.Bf4 a6 12.Bd3 Ng6 13.Bxg6 hxg6 14.Nb3 Bb6 15.Qd2 Bg4
16.Nfd4 Nxd4 17.cxd4 g5 18.Be3 Qd6 19.f4 gxf4 20.Rxf4 Bd7 21.Rf3 Rae8 22.Bf4 Qc6
23.Kh1 Re4 24.Rg3 Rfe8 25.Rf1 Qc4 26.Rgf3 Bxd4 27.Nxd4 Rxd4 28.Qf2 Bb5 29.Rg1 Rde4
30.h3 Qe2 31.b3 Qxf2 32.Rxf2 Re2 33.Rgf1 d4  0-1

[Event "Helsinki op"]
[Site "Helsinki"]
[Date "1992.??.??"]
[Round "2"]
[White "Sakaev, Konstantin"]
[Black "Kachiani Gersinska, Ketino"]
[Result "0-1"]
[WhiteElo "2540"]
[BlackElo "2360"]

1.d4 Nf6 2.c4 e6 3.Nf3 Bb4+ 4.Nbd2 b6 5.g3 Bb7 6.Bg2 c5 7.a3 Bxd2+ 8.Qxd2 cxd4
9.Qxd4 Nc6 10.Qc3 Rc8 11.b4 O-O 12.O-O Ne7 13.Bg5 Ng6 14.Qd4 Rc7 15.h4 h6
16.Be3 Qe7 17.Rfc1 Rfc8 18.Ne1 e5 19.Qd3 e4 20.Qd4 Ng4 21.h5 Nxe3 22.Qxe3 Nf8
23.Nf3 d5 24.Nd2 Ne6 25.Rd1 d4 26.Qb3 Ng5 27.e3 d3 28.a4 Qe6 29.a5 Nh3+ 30.Bxh3 Qxh3
31.axb6 axb6 32.Qb2 Rc5 33.bxc5 Rxc5 34.Qb5 Rxb5 35.cxb5  0-1

[Event "Helsinki op"]
[Site "Helsinki"]
[Date "1992.??.??"]
[Round "3"]
[White "Sakaev, Konstantin"]
[Black "Lyrberg, Patrik"]
[Result "1-0"]
[WhiteElo "2540"]
[BlackElo "2425"]

1.d4 Nf6 2.c4 e6 3.Nf3 c5 4.d5 exd5 5.cxd5 d6 6.Nc3 g6 7.e4 a6 8.h3 b5 9.Bd3 Bg7
10.O-O O-O 11.a3 Re8 12.Re1 Ra7 13.Be3 Nbd7 14.Rc1 Ra8 15.Bf4 c4 16.Bc2 Nc5
17.Qd2 Qb6 18.Rcd1 Nfd7 19.Be3 Bb7 20.Bd4 f6 21.Nh2 Re7 22.Nf1 Rae8 23.Ne3 Bh6
24.f3 Qc7 25.Qf2 Bg7 26.f4 Qb6 27.Qg3 a5 28.a4 bxa4 29.Nxc4 Qa6 30.Ne3 Qb6
31.Nxa4 Qb4 32.Nc3 Ba6 33.h4 Nf8 34.f5 Ncd7 35.Ba4 Bc8 36.Rf1 Rxe4 37.Nc2 Qc4
38.b3 Qc7 39.Nxe4 Rxe4 40.Bc6 Ne5 41.Ne3 Bb7 42.Bxb7 Qxb7 43.Nc4 Qxd5 44.Bxe5 Qc5+
45.Bd4 Rxd4 46.Rxd4 Qxd4+ 47.Qf2 Qc3 48.Qe3 Qb4 49.Qb6 d5 50.Qxb4 axb4 51.Nb6 d4
52.Rd1  1-0

[Event "Helsinki op"]
[Site "Helsinki"]
[Date "1992.??.??"]
[Round "4"]
[White "Gufeld, Eduard"]
[Black "Sakaev, Konstantin"]
[Result "1/2-1/2"]
[WhiteElo "2485"]
[BlackElo "2540"]

1.g3 d5 2.Bg2 e5 3.d3 Nc6 4.Nf3 Bg4 5.h3 Bf5 6.c4 dxc4 7.Qa4 Bd6 8.dxc4 Nf6
9.Nc3 O-O 10.Be3 Nd7 11.Qd1 Bb4 12.Qc1 Nb6 13.a3 Be7 14.c5 Nc4 15.O-O Qd7  1/2-1/2

[Event "Alekhine op"]
[Site "Moscow"]
[Date "1992.??.??"]
[Round "?"]
[White "Sakaev, Konstantin"]
[Black "Zaitseva, Ludmila G"]
[Result "1-0"]
[WhiteElo "2540"]
[BlackElo "2370"]

1.d4 e6 2.c4 f5 3.g3 Nf6 4.Bg2 d5 5.Nh3 c6 6.Nd2 Bd6 7.O-O O-O 8.Qc2 Qe7
9.Nf3 Nbd7 10.Bf4 Ne4 11.Bxd6 Nxd6 12.b3 dxc4 13.bxc4 e5 14.Nxe5 Nxe5 15.dxe5 Qxe5
16.Nf4 Ne4 17.Rad1 Nc5 18.e3 Be6 19.Rd4 Rae8 20.Rfd1 Bc8 21.Nd3 Nxd3 22.R1xd3 Qc5
23.Qb2 Qe7 24.Rd6 Qg5 25.Qd4 f4 26.gxf4 Qh4 27.c5 Bg4 28.Rb3 Bc8 29.Rd3 Kh8
30.a4 a6 31.a5 h6 32.Qc3 Be6 33.R3d4 Qh5 34.Be4 Bh3 35.f3 Rxe4 36.Rxe4 Qxf3
37.Rxh6+  1-0

[Event "Alekhine op"]
[Site "Moscow"]
[Date "1992.??.??"]
[Round "?"]
[White "Bagirov, Vladimir"]
[Black "Sakaev, Konstantin"]
[Result "0-1"]
[WhiteElo "2500"]
[BlackElo "2540"]

1.Nf3 d5 2.b3 c5 3.Bb2 f6 4.e4 dxe4 5.Nh4 Nh6 6.Qh5+ g6 7.Qxc5 g5 8.Bc4 Nd7
9.Qe3 Nb6 10.Be2 gxh4 11.Bh5+ Nf7 12.Nc3 Bg7 13.Qxe4 O-O 14.O-O-O f5 15.Qxh4 e5
16.Qg3 f4 17.Qf3 Ng5 18.Qe2 Bf5 19.Bg4 Qd7 20.Bxf5 Qxf5 21.f3 Rac8 22.Kb1 Ne6
23.Qe4 Nd4 24.Qxf5 Rxf5 25.Ne4 Rc6 26.c3 Ne6 27.Rhe1 Rh5 28.h3 Rf5 29.Re2 Nd7
30.Ba3 Bf8 31.Bxf8 Kxf8 32.b4 b5 33.Rde1 Kf7 34.Nf2 h5 35.Kb2 Rg5 36.Nd3 Kf6
37.Kb3 Ra6 38.h4 Rf5 39.Nf2 Ke7 40.Nd3 Kd6 41.Nb2 Nef8 42.a4 bxa4+ 43.Nxa4 Rc6
44.Nb2 Kc7 45.Ra1 a6 46.Nc4 Ng6 47.Rd1 Nxh4 48.d4 exd4 49.Rxd4 Ng6 50.Na5 Rb6
51.Red2 Ngf8 52.Nc4 Re6 53.Nd6 Rff6 54.Rc4+ Kb6 55.Ne4 Rg6 56.Nc5 Nxc5+ 57.bxc5+ Kc6
58.Rxf4 Nd7 59.Rf5 Re5 60.Rf7 Nxc5+ 61.Kb4 a5+ 62.Kc4 Nb7 63.Rh7 Nd6+ 64.Kb3 Rb5+
65.Ka2 Rf6 66.Rb2 Rff5 67.g4 hxg4 68.fxg4 Rf3 69.Rh6 Rxb2+ 70.Kxb2  0-1

[Event "Oviedo rapid45"]
[Site "Oviedo"]
[Date "1992.??.??"]
[Round "4"]
[White "Arroyo, Eudor"]
[Black "Sakaev, Konstantin"]
[Result "0-1"]
[WhiteElo "2230"]
[BlackElo "2500"]

1.d4 Nf6 2.c4 e6 3.Nf3 d5 4.Bg5 dxc4 5.e3 b5 6.a4 c6 7.Be2 Bb7 8.O-O a6 9.b3 cxb3
10.Qxb3 Nbd7 11.Nc3 Be7 12.Rfc1 O-O 13.Ne5 Nxe5 14.dxe5 Nd7 15.Bf4 Nc5 16.Qb1 Qc7
17.Bf3 g6 18.Ne4 Nxe4 19.Bxe4 c5 20.h4 Rab8 21.axb5 axb5 22.Bc2 Qc6 23.f3 Bxh4  0-1

[Event "Oviedo rapid45"]
[Site "Oviedo"]
[Date "1992.??.??"]
[Round "8"]
[White "McDonald, Neil R"]
[Black "Sakaev, Konstantin"]
[Result "1/2-1/2"]
[WhiteElo "2420"]
[BlackElo "2500"]

1.e4 c5 2.Nf3 e6 3.d4 cxd4 4.Nxd4 Nf6 5.Nc3 d6 6.Be2 Be7 7.O-O O-O 8.f4 Nc6
9.Be3 e5 10.Nxc6 bxc6 11.Kh1 exf4 12.Bxf4 Be6 13.Qd3 Qb8 14.Rad1 Nd7 15.b3 Ne5
16.Qg3 Qc7 17.Na4 Rad8 18.Nc5 Bc8 19.Bxe5 dxe5 20.Rxd8 Rxd8 21.Qf2 Bxc5 22.Qxc5 Be6
23.Rd1 Rxd1+ 24.Bxd1 Qd7 25.Bf3 f6 26.Kg1 h6 27.Kf1 Kh7 28.Ke2 Bf7  1/2-1/2

[Event "RUS-chT"]
[Site "Podolsk"]
[Date "1992.??.??"]
[Round "?"]
[White "Sakaev, Konstantin"]
[Black "Sergienko, Sergey"]
[Result "1-0"]
[WhiteElo "2500"]
[BlackElo "2370"]

1.d4 Nf6 2.Nf3 c5 3.d5 e6 4.Nc3 d6 5.e4 e5 6.Be2 Be7 7.O-O O-O 8.Nd2 Ne8
9.Nc4 Bg5 10.a4 Nd7 11.Bxg5 Qxg5 12.Kh1 Ndf6 13.Rb1 Qg6 14.Bf3 Bg4 15.Bxg4 Nxg4
16.f3 Ngf6 17.Na5 Rb8 18.b4 Nh5 19.bxc5 Rc8 20.Nxb7 Qh6 21.Ne2  1-0

[Event "RUS-chT"]
[Site "Podolsk"]
[Date "1992.??.??"]
[Round "?"]
[White "Sakaev, Konstantin"]
[Black "Terterians, Vladimir"]
[Result "1/2-1/2"]
[WhiteElo "2500"]
[BlackElo "2395"]

1.d4 e6 2.c4 Bb4+ 3.Bd2 Qe7 4.Nc3 Nf6 5.Qc2 O-O 6.a3 Bxc3 7.Bxc3 d6 8.Nf3 Nbd7
9.e4 e5 10.d5 Nc5 11.Nd2 Bd7 12.Be2 Na4 13.O-O h6 14.Rac1 a5 15.b4 Nxc3 16.Qxc3 axb4
17.axb4 b6 18.Ra1 Nh7 19.Bd3 Qg5 20.Nf3 Qf4 21.Qd2 Qxd2 22.Nxd2 Rfb8 23.Rfc1 c5
24.dxc6 Bxc6 25.f3 Nf8 26.Nf1 Ne6 27.Ne3 Nd4 28.Nd5 Bxd5 29.cxd5 b5 30.Rxa8 Rxa8
31.Rc7 g5 32.Rb7 Ra4 33.Rb6 Rxb4 34.Rxd6 Kg7 35.Rb6 Rb3 36.Bf1 Rb2 37.d6 Kf6
38.Rb7 Ke6 39.d7 Ke7 40.h3  1/2-1/2

[Event "St Petersburg"]
[Site "St Petersburg"]
[Date "1992.??.??"]
[Round "?"]
[White "Sakaev, Konstantin"]
[Black "Ionov, Sergey"]
[Result "1/2-1/2"]
[WhiteElo "2500"]
[BlackElo "2500"]

1.d4 d5 2.Nf3 Nf6 3.c4 dxc4 4.Nc3 e6 5.e4 Bb4 6.Bg5 c5 7.dxc5 Qxd1+ 8.Rxd1 Nbd7
9.Bd2 Nxc5 10.Bxc4 a6 11.e5 Nfd7 12.a3 Bxc3 13.Bxc3 b5 14.Be2 Bb7 15.O-O Bd5
16.Nd2 O-O 17.Bd4 Rfc8 18.Rc1 Rab8 19.f3 Kf8 20.Kf2 Nb3 21.Nxb3 Bxb3 22.f4 Ke8
23.Bf3 Rc4 24.Rxc4 bxc4 25.g4 g6 26.Ke3 Nb6 27.Bc6+ Kd8 28.f5 gxf5 29.gxf5 c3
30.bxc3 exf5 31.Rxf5 Kc7 32.Bf3 Be6 33.Rh5 Nc4+ 34.Kf4 Nxa3 35.Rxh7 Nb5 36.Rg7 a5
37.Rg1 a4 38.Bc5 Rh8 39.Rb1 Bb3  1/2-1/2

[Event "St Petersburg"]
[Site "St Petersburg"]
[Date "1992.??.??"]
[Round "?"]
[White "Butnorius, Algimantas"]
[Black "Sakaev, Konstantin"]
[Result "0-1"]
[WhiteElo "2425"]
[BlackElo "2500"]

1.Nf3 d5 2.d4 c6 3.c4 e6 4.Qc2 Nf6 5.g3 b6 6.Bg2 Bb7 7.O-O Nbd7 8.Rd1 Be7
9.b3 O-O 10.Nc3 Rc8 11.e4 c5 12.exd5 exd5 13.dxc5 dxc4 14.b4 a5 15.a3 axb4
16.axb4 bxc5 17.b5 Ra8 18.Rb1 Qb6 19.Qe2 Bd6 20.Qxc4 Be5 21.Bb2 Qc7 22.Ra1 Nb6
23.Qh4 Rxa1 24.Bxa1 Bxf3 25.Bxf3 Rd8 26.Qg5 Rxd1+ 27.Bxd1 h6 28.Qc1 Qa7 29.Be2 Bd4
30.Bb2 Qe7 31.Bf3 Qe5 32.Nd1 Qe1+ 33.Kg2 Ne4 34.Bxe4 Qxe4+ 35.Kf1 Qd3+ 36.Kg2 Bxb2
37.Nxb2 Qxb5 38.Nd1 Nd5 39.Kg1 Qd3 40.Nb2 Qd4 41.Nc4 Nc3 42.Qf1 Ne4 43.Ne3 Qd2
44.Kg2 g6 45.h4 h5 46.Kf3 Qd4 47.Qa6 Kg7 48.Qc6 Nf6 49.Kg2 Ng4 50.Nxg4 hxg4
51.Qb5 c4 52.h5 c3 53.hxg6 c2 54.Qg5 f6 55.Qh5 Qe4+ 56.Kh2 Qxg6 57.Qc5 Qh6+  0-1

[Event "St Petersburg"]
[Site "St Petersburg"]
[Date "1992.??.??"]
[Round "?"]
[White "Sakaev, Konstantin"]
[Black "Zhuravliov, Valerij"]
[Result "1/2-1/2"]
[WhiteElo "2500"]
[BlackElo "2485"]

1.d4 Nf6 2.Nf3 d5 3.c4 e6 4.Nc3 c5 5.cxd5 Nxd5 6.e4 Nxc3 7.bxc3 cxd4 8.cxd4 Nc6
9.a3 Be7 10.Be2 O-O 11.O-O b6 12.Qd3 Bb7 13.Rd1 Qd6 14.h4 Rad8 15.Be3 h6
16.h5 Qb8 17.Qb1 Rd7 18.Qb2 Bf6 19.Rac1 Rc8 20.Qb1 Na5 21.Rxc8+ Qxc8 22.Bb5 Rd8
23.Nh2 Be7 24.a4 Qa8 25.f3 Rc8 26.Ng4 Nc4 27.Bf4 Bd6 28.Bxd6 Nxd6 29.Bd3 Rc7
30.Qb4 Qf8 31.a5 Nc8 32.Qxf8+ Kxf8 33.axb6 Nxb6 34.Ra1 Bc8 35.Kf2 f6 36.Ne3 Ke7
37.g4 Bd7 38.Ke2 Na4 39.Kd2 Rb7  1/2-1/2

[Event "Doha"]
[Site "Doha"]
[Date "1993.??.??"]
[Round "4"]
[White "Sakaev, Konstantin"]
[Black "Catalan, Toufeeq"]
[Result "1/2-1/2"]
[WhiteElo "2540"]
[BlackElo "2200"]

1.d4 Nf6 2.c4 c5 3.d5 e6 4.Nc3 exd5 5.cxd5 Bd6 6.g3 O-O 7.Bg2 Re8 8.e3 Bc7
9.Nge2 d6 10.O-O a6 11.a3 Nbd7 12.h3 b5 13.b4 Bb6 14.bxc5 Bxc5 15.Nd4 Bb7
16.Nc6 Qc7 17.g4 Nb6 18.g5 Nfxd5 19.Nxd5 Nxd5 20.Qxd5 Rac8 21.Bb2 Bxc6 22.Qxc6 Qxc6
23.Bxc6 Rxc6 24.Rfd1 Re4 25.Rd3 Rc4 26.Rad1 Kf8 27.Kg2 a5 28.Kg3 b4 29.axb4 Bxb4
30.f4 Rc2 31.Ba3 R2c3 32.Bxb4 Rxd3 33.Rxd3 axb4 34.Kf3 Ke7 35.Ke4 Rc4+ 36.Kd5 Rc3
37.Rd4 Rc5+ 38.Ke4 Rb5 39.Rd2 b3 40.Rb2 d5+ 41.Ke5 f6+ 42.gxf6+ gxf6+ 43.Kd4 Ke6
44.Kc3 Kf5 45.Kd4 Kg6 46.Kd3 Kh5 47.Ke2 Kh4 48.Kf3 Rb4 49.Kg2 Rb7 50.Kf3 Rb4
51.Kg2 d4 52.exd4 Rxd4 53.Rxb3 Rxf4 54.Rb5 h5 55.Rc5 f5 56.Ra5 Kg5 57.Kg3 h4+
58.Kg2 Rb4 59.Kf3 Rb3+ 60.Kg2 Rb2+ 61.Kf1 Rb4 62.Kf2 Kf4 63.Ra2 Rd4 64.Rb2 Rd3
65.Rb4+ Kg5 66.Kg2 Re3 67.Ra4 Re4 68.Ra2  1/2-1/2

[Event "Doha"]
[Site "Doha"]
[Date "1993.??.??"]
[Round "9"]
[White "Al Modiahki, Mohamad"]
[Black "Sakaev, Konstantin"]
[Result "0-1"]
[WhiteElo "2405"]
[BlackElo "2540"]

1.e4 c5 2.f4 e6 3.Nf3 Nc6 4.Bb5 Nge7 5.O-O a6 6.Be2 d5 7.e5 Nf5 8.c3 h5 9.a4 g6
10.Na3 Be7 11.Nc2 Na5 12.b4 Nb3 13.Rb1 Nxc1 14.Qxc1 cxb4 15.cxb4 Bd7 16.a5 b6
17.Qa3 O-O 18.Rfe1 bxa5 19.Qxa5 Qb8 20.Bd3 Rc8 21.Bxf5 gxf5 22.Nfd4 Qa7 23.Qa1 Rc4
24.d3 Rc7 25.Kf1 Rac8 26.Rb3 Qb6 27.Ke2 f6 28.Rb2 fxe5 29.fxe5 Rc3 30.Rf1 Qc7
31.Kf2 Qxe5 32.Kg1 Rxd3 33.Re1 Qg7 34.Qxa6 Rd2 35.Re2 Rd1+ 36.Kf2 Rxd4  0-1

[Event "Doha"]
[Site "Doha"]
[Date "1993.??.??"]
[Round "11"]
[White "Abou el Zein, Eid Mahmoud"]
[Black "Sakaev, Konstantin"]
[Result "0-1"]
[WhiteElo "2325"]
[BlackElo "2540"]

1.d4 Nf6 2.c4 e6 3.Nc3 Bb4 4.e3 O-O 5.Bd3 d5 6.a3 Bxc3+ 7.bxc3 dxc4 8.Bxc4 c5
9.Nf3 Qc7 10.Ba2 b6 11.O-O Nbd7 12.Ne1 Ba6 13.c4 cxd4 14.Qxd4 e5 15.Qh4 Nc5
16.f4 e4 17.Bb2 Ne8 18.f5 f6 19.Rf4 Nd6 20.Rc1 Rad8 21.Qg3 Qf7 22.Bd4 Qd7
23.Qh3 h6 24.Qh5 Qf7 25.Qe2 Rc8 26.Qd2 Rfd8 27.Qb4 Kh7 28.Rc3 Ndb7 29.Rf2 Na5
30.g4 Nc6 31.Qb1 Nxd4 32.exd4 Rxd4 33.Nc2 Rd3 34.Rxd3 exd3 35.Nd4 Qd7 36.Rf4 Bb7
37.h4 Qd6 38.Qc1 Ne4 39.Qe3 d2 40.Bb3 Rd8 41.Ne6 d1=Q+  0-1

[Event "Biel op"]
[Site "Biel"]
[Date "1994.??.??"]
[Round "1"]
[White "Sakaev, Konstantin"]
[Black "Albrecht, Rainer"]
[Result "1-0"]
[WhiteElo "2555"]
[BlackElo "2285"]

1.d4 Nf6 2.Nf3 g6 3.c4 Bg7 4.Nc3 d5 5.cxd5 Nxd5 6.e4 Nxc3 7.bxc3 c5 8.Rb1 O-O
9.Be2 cxd4 10.cxd4 Qa5+ 11.Bd2 Qxa2 12.O-O Qe6 13.Qc2 Qc6 14.Qd3 Bg4 15.d5 Qd7
16.Qa3 Bxf3 17.Bxf3 Na6 18.Bg5 Rfe8 19.Be2 Qd6 20.Qe3 e6 21.dxe6 Qxe6 22.Rxb7 h6
23.Bf4 Qxe4 24.Bxa6 Qc6 25.Qb3  1-0

[Event "Biel op"]
[Site "Biel"]
[Date "1994.??.??"]
[Round "6"]
[White "Schlenker, Jochen"]
[Black "Sakaev, Konstantin"]
[Result "0-1"]
[WhiteElo "2205"]
[BlackElo "2555"]

1.d4 Nf6 2.g4 Nxg4 3.e4 d5 4.f3 Nf6 5.Nc3 dxe4 6.Be3 exf3 7.Qxf3 c6 8.Bc4 Bg4
9.Qg2 Nbd7 10.Nf3 Bxf3 11.Qxf3 e6 12.O-O-O Qc7 13.Rhg1 O-O-O 14.Bf4 Bd6 15.Bxd6 Qxd6
16.Rxg7 Rdf8 17.Ne4 Nxe4 18.Qxe4 Qxh2 19.Rh1 Qd6 20.c3 h5 21.Rf1 h4 22.Rfxf7 Rxf7
23.Rxf7 h3 24.Bxe6 h2 25.Bxd7+ Qxd7 26.Rf1 Qh3 27.Rh1 Rg8 28.Kc2 Qg2+ 29.Qxg2 Rxg2+
30.Kb3 Kd7 31.c4 Ke6 32.a4 Kf5 33.a5 Ke4 34.Kc3 Re2 35.b3 a6 36.c5 Kd5 37.Kd3 Rb2
38.Kc3 Rg2 39.Kb4 Kxd4 40.Rd1+ Ke3 41.Rh1 Kf2  0-1

[Event "Biel op"]
[Site "Biel"]
[Date "1994.??.??"]
[Round "8"]
[White "Raetsky, Alexander"]
[Black "Sakaev, Konstantin"]
[Result "1/2-1/2"]
[WhiteElo "2450"]
[BlackElo "2555"]

1.d4 Nf6 2.c4 d6 3.Nc3 Nbd7 4.Nf3 e5 5.Bg5 h6 6.Bh4 g5 7.dxe5 dxe5 8.Bg3 Bd6
9.e3 Qe7 10.Qc2 a5 11.O-O-O Nc5 12.h4 g4 13.Nd2 Qe6 14.h5 Qf5 15.e4 Qh7 16.Bh4 Qg7
17.Nb3 O-O 18.Nb5 Nfxe4 19.Nxc5 Nxc5 20.Nxd6 cxd6 21.Rxd6 Be6 22.Be2 a4 23.Rhd1 e4
24.f4  1/2-1/2

[Event "Cappelle op"]
[Site "Cappelle la Grande"]
[Date "1994.??.??"]
[Round "2"]
[White "Rasik, Vitezslav"]
[Black "Sakaev, Konstantin"]
[Result "0-1"]
[WhiteElo "2425"]
[BlackElo "2555"]

1.e4 c5 2.Nf3 d6 3.d4 cxd4 4.Nxd4 Nf6 5.Nc3 Nc6 6.Be2 e5 7.Nf3 h6 8.O-O Be7
9.Re1 O-O 10.h3 Be6 11.Bf1 Qa5 12.Bd2 Qd8 13.a4 Rc8 14.Be3 a6 15.Nd5 Bxd5
16.exd5 Nb4 17.c4 a5 18.Qb1 Nd7 19.Bd3 Nxd3 20.Qxd3 f5 21.Qb3 b6 22.Qc2 Nc5
23.Rad1 Qd7 24.b3 Bf6 25.Nd2 e4 26.Rf1 Rce8 27.f3 exf3 28.Rxf3 Bg5 29.Re1 Re5
30.Bf2 Rxe1+ 31.Bxe1 Qe7 32.Qd1 Re8 33.Bf2 Ne4 34.Be3 Nc3 35.Bxg5 Ne2+ 36.Kh1 hxg5
37.Nf1 f4 38.Qd3 Qe5 39.Qg6 Re7 40.Kh2 Nd4 41.Rf2 Qe1  0-1

[Event "Cappelle op"]
[Site "Cappelle la Grande"]
[Date "1994.??.??"]
[Round "7"]
[White "Sakaev, Konstantin"]
[Black "Gorbatow, Alexej"]
[Result "1-0"]
[WhiteElo "2555"]
[BlackElo "2415"]

1.d4 Nf6 2.Nf3 g6 3.c4 Bg7 4.Nc3 O-O 5.e4 c5 6.d5 d6 7.h3 e6 8.Bd3 exd5 9.cxd5 Re8
10.O-O a6 11.a4 Nbd7 12.Bf4 Qe7 13.Qd2 Qf8 14.Bh2 c4 15.Bc2 Rb8 16.a5 b5
17.axb6 Rxb6 18.Rab1 a5 19.Rfe1 Ne5 20.Nd4 Ba6 21.Na4 Rb4 22.Nc6 Bh6 23.Qd4 Nxc6
24.dxc6 Re6 25.Nc3 Qb8 26.e5 dxe5 27.Bxe5 Qe8 28.Ba4 Bf8 29.c7 Qe7 30.Re3  1-0

[Event "Elenite-B"]
[Site "Elenite"]
[Date "1994.??.??"]
[Round "1"]
[White "Sakaev, Konstantin"]
[Black "Donchev, Dimitar I"]
[Result "1/2-1/2"]
[WhiteElo "2555"]
[BlackElo "2485"]

1.d4 g6 2.c4 Bg7 3.Nc3 d6 4.Nf3 Bg4 5.g3 Bxf3 6.exf3 c6 7.Be3 Nf6 8.Qb3 Qc7
9.Be2 Nbd7 10.O-O O-O 11.f4 e6 12.Rac1 Qb6 13.Qc2 d5 14.c5 Qc7 15.b4 Kh8
16.h4 h5 17.b5 Ng8 18.Rb1 Nh6 19.Bd3 Nf5 20.Bxf5 exf5 21.Rb4 Rfb8 22.Rfb1 Bf6
23.Qb3 Kg7 24.Na4 a5 25.bxc6 bxc6 26.Rb7 Qc8 27.Kg2 Kf8 28.Kg1 Kg7  1/2-1/2

[Event "Elenite-B"]
[Site "Elenite"]
[Date "1994.??.??"]
[Round "2"]
[White "Sakaev, Konstantin"]
[Black "Popchev, Milko"]
[Result "1/2-1/2"]
[WhiteElo "2555"]
[BlackElo "2450"]

1.d4 d6 2.c4 e5 3.Nf3 e4 4.Ng5 f5 5.Nc3 c6 6.g3 Na6 7.Bg2 Be7 8.Nh3 Nf6 9.O-O O-O
10.f3 exf3 11.exf3 Kh8 12.Nf4 Nc7 13.d5 Nd7 14.b3 Bf6 15.Bb2 cxd5 16.Nfxd5 Nxd5
17.Qxd5 f4 18.Rad1 Be5 19.gxf4 Bxf4 20.Ne2 Be5 21.Bc1 Re8 22.f4 Nf6 23.Qd3 Ba1
24.f5 Bd7 25.Nd4 Bxd4+ 26.Qxd4 Bc6 27.Bxc6 bxc6 28.Qxd6 Qb6+ 29.Qd4 Qa5 30.Qd2 Qc5+
31.Qf2 Qf8 32.Bb2 Re4 33.Rde1 Ng4 34.Rxe4 Nxf2 35.Rxf2 Qd6 36.f6 h5 37.fxg7+ Kh7
38.Bf6 Rg8 39.h3 Rxg7+ 40.Bxg7 Qg6+ 41.Rg2 Qxe4 42.Kh2 a5 43.Bb2 a4 44.Rg7+ Kh6
45.Rg2 Qf4+ 46.Kh1 Qf3 47.Kh2 axb3 48.axb3 Qxb3 49.Bc1+ Kh7 50.Bf4 Qxc4 51.Be3 Qd3
52.Bf2 Qf3 53.Bg1 h4 54.Bf2 Qf4+ 55.Kh1 Qf5 56.Kh2 c5 57.Bxc5 Qxc5 58.Rg4  1/2-1/2

[Event "Elenite-B"]
[Site "Elenite"]
[Date "1994.??.??"]
[Round "5"]
[White "Berelovich, Aleksandar"]
[Black "Sakaev, Konstantin"]
[Result "1/2-1/2"]
[WhiteElo "2490"]
[BlackElo "2555"]

1.e4 c5 2.Nf3 d6 3.d4 cxd4 4.Nxd4 Nf6 5.Nc3 e6 6.g4 a6 7.g5 Nfd7 8.Be3 b5
9.Qe2 b4 10.Nb1 Bb7 11.Bg2 Qc7 12.a3 e5 13.Nb3 bxa3  1/2-1/2

[Event "Elenite-B"]
[Site "Elenite"]
[Date "1994.??.??"]
[Round "6"]
[White "Sakaev, Konstantin"]
[Black "Prie, Eric"]
[Result "1/2-1/2"]
[WhiteElo "2555"]
[BlackElo "2475"]

1.d4 d5 2.c4 c6 3.Nf3 Nf6 4.Nc3 e6 5.Bg5 h6 6.Bxf6 Qxf6 7.e3 Nd7 8.Bd3 g6
9.O-O Bg7 10.e4 dxc4 11.e5 Qe7 12.Bxc4 O-O 13.Re1 b5 14.Bd3 Bb7 15.Be4 Rab8
16.a3 Rfd8 17.Qc2 a5 18.Rac1 Nb6 19.Ne2  1/2-1/2

[Event "Moscow ol (Men)"]
[Site "Moscow"]
[Date "1994.??.??"]
[Round "5"]
[White "Sakaev, Konstantin"]
[Black "Van Wely, Loek"]
[Result "1/2-1/2"]
[WhiteElo "2555"]
[BlackElo "2560"]

1.d4 d5 2.Nf3 Nf6 3.c4 c6 4.Nc3 e6 5.Bg5 dxc4 6.e4 b5 7.e5 h6 8.Bh4 g5 9.Nxg5 hxg5
10.Bxg5 Nbd7 11.g3 Bb7 12.Bg2 Qb6 13.exf6 O-O-O 14.O-O c5 15.d5 b4 16.Na4 Qb5
17.a3 exd5 18.axb4 d4 19.Bxb7+  1/2-1/2

[Event "Moscow ol (Men)"]
[Site "Moscow"]
[Date "1994.??.??"]
[Round "10"]
[White "Giorgadze, Giorgi"]
[Black "Sakaev, Konstantin"]
[Result "0-1"]
[WhiteElo "2565"]
[BlackElo "2555"]

1.Nf3 Nf6 2.g3 g6 3.b3 Bg7 4.Bb2 d5 5.c4 c6 6.Bg2 O-O 7.O-O Re8 8.d4 Bf5
9.Nc3 Ne4 10.Rc1 Nxc3 11.Bxc3 Be4 12.Qd2 Nd7 13.Rfd1 a5 14.Bh3 Bxf3 15.exf3 e6
16.cxd5 cxd5 17.Bf1 Qb6 18.a4 Nb8 19.b4 axb4 20.Bxb4 Rxa4 21.Bc5 Qa5 22.Qb2 Nc6
23.Rc2 Nb4 24.Rc3 Ra8 25.Rdc1 h5 26.Rb3 Ra2 27.Qb1 Nc6 28.Rd1 Ra1 29.Qd3 Rxd1
30.Qxd1 Qa4 31.Bb5 Qa1 32.Rb1 Qa2 33.Rc1 Qb2 34.Rb1 Qc3 35.Rc1 Qa5 36.Rb1 Qc3
37.Rc1 Qa5 38.Rb1 Qa2 39.Rc1 Qa5 40.Rb1 Bf6 41.f4 Qa2 42.Rc1 Qb2 43.Rb1 Qc3
44.Rc1 Qb2 45.Rb1 Qa2 46.Rc1 Ra5 47.Bxc6 bxc6 48.f5 exf5 49.Qe1 Ra8 50.Qe3 Qb2
51.Re1 Kg7 52.Kg2 h4 53.Qf4 Rh8 54.Qe3 h3+ 55.Kf1 Ra8 56.Kg1 Ra1 57.Kf1 Ra2
58.Qe2 Qxe2+ 59.Rxe2 Ra4 60.Rd2 Ra1+ 61.Ke2 Rh1 62.Rd1 Rxh2 63.Bd6 g5 64.Bc7 g4
65.Bf4 Bxd4 66.Rxd4 Rh1 67.Rb4 h2 68.Be5+ f6  0-1

[Event "Moscow ol (Men)"]
[Site "Moscow"]
[Date "1994.??.??"]
[Round "13"]
[White "Sakaev, Konstantin"]
[Black "Dizdarevic, Emir"]
[Result "0-1"]
[WhiteElo "2555"]
[BlackElo "2495"]

1.d4 Nf6 2.c4 e6 3.Nc3 Bb4 4.Qc2 O-O 5.a3 Bxc3+ 6.Qxc3 d6 7.Bg5 Nbd7 8.f3 b6
9.Nh3 c5 10.dxc5 bxc5 11.e3 Qb6 12.Rb1 a5 13.Bd3 d5 14.O-O a4 15.Rfd1 h6
16.Bh4 Ba6 17.Bf2 Rfb8 18.cxd5 exd5 19.Nf4 Qc6 20.Bc2 Nb6 21.h4 Bc4 22.Rbc1 Re8
23.Re1 Qb5 24.Bb1 Rab8 25.Bg3 Rb7 26.Nd3 Nbd7 27.Ne5 Bb3 28.Bd3 Qb6 29.Nxd7 Nxd7
30.Kh2 Qe6 31.Bb1 Rc8 32.Bd3 Rb6 33.Re2 Nf6 34.Qe5 Nd7 35.Qf4 Qe7 36.Qf5 g6
37.Qf4 Kg7 38.Be1 Ne5 39.Bc3 f6 40.Bb1 Qd6 41.Qg3 h5 42.Kh1 Rbc6 43.Rd2 Qe6
44.Re1 Rd8 45.Rf1 Qe8 46.Re1 Re6 47.Bf5 Re7 48.Rde2 Nc6 49.Bd3 Qf7 50.f4 d4
51.exd4 Rxe2 52.Rxe2 cxd4 53.Bd2 f5 54.Re1 Rb8 55.Bc1 Qd5 56.Qf2 Bc4 57.Bc2 Qb5
58.Bd1 Kf6 59.Qg3 Qa5 60.Bf3 Bd5 61.Bd2 Qd8 62.Bxd5 Qxd5 63.Bc1 Rb7 64.Qd3 Qb5
65.Qc2 Re7 66.Rxe7 Nxe7 67.Kh2 Qc6 68.Qd1 Qc4 69.Bd2 Nd5 70.Qf3 Qb5 71.Bb4 d3
72.Qf2  0-1

[Event "St Petersburg op2"]
[Site "St Petersburg"]
[Date "1994.??.??"]
[Round "1"]
[White "Sakaev, Konstantin"]
[Black "Kobalija, Mihail"]
[Result "1-0"]
[WhiteElo "2555"]
[BlackElo "2415"]

1.d4 f5 2.Nc3 d5 3.Bf4 c6 4.e3 Nf6 5.Bd3 g6 6.h4 Be6 7.Nf3 Bg7 8.h5 Nbd7
9.Ng5 Bg8 10.h6 Bf8 11.Qd2 e6 12.O-O-O Qe7 13.f3 e5 14.dxe5 Nxe5 15.Be2 Ned7
16.e4 fxe4 17.fxe4 O-O-O 18.exd5 Bxd5 19.Nxd5 Nxd5 20.Bg4 Qf6 21.Ne6 Ba3
22.Qd4 Qe7 23.bxa3 Qxa3+ 24.Qb2 Qa4 25.Rd4  1-0

[Event "St Petersburg op2"]
[Site "St Petersburg"]
[Date "1994.??.??"]
[Round "2"]
[White "Zontakh, Andrey"]
[Black "Sakaev, Konstantin"]
[Result "1/2-1/2"]
[WhiteElo "2440"]
[BlackElo "2555"]

1.e4 c5 2.Nf3 d6 3.d4 cxd4 4.Nxd4 Nf6 5.Nc3 e6 6.g4 a6 7.g5 Nfd7 8.Be3 b5
9.a3 Nb6 10.h4 N8d7 11.h5 Bb7 12.g6 hxg6 13.hxg6 Rxh1 14.gxf7+ Ke7 15.Qg4 Qc8
16.Qxe6+ Kd8 17.Qe8+ Kc7 18.Ne6+ Kb8 19.Nxf8 Nxf8 20.Bxb6 Bc6 21.Qe7 Nd7
22.Qxd6+ Kb7 23.Bd4 Qf8 24.Qg6 Rh6 25.Qxg7 Qxg7 26.Bxg7 Rh7 27.Bd4 Rxf7 28.Be2 Rg8
29.Kd2 Nf8 30.f3 Ne6 31.Ke3 Nf4 32.Be5 Ng2+ 33.Kf2 Nh4 34.Rh1 Rg2+ 35.Ke3 Rh7
36.Rd1 Ng6 37.Bd6 Bd7 38.Nd5 Be6 39.Nf6 Rf7 40.e5 Nh4 41.Bd3 Nf5+ 42.Bxf5 Bxf5
43.Rd2 Rxd2 44.Kxd2 Kc6 45.Bb4 Rg7 46.Ng4  1/2-1/2